| 000 | 00866cam a2200145ua 4500 | ||
|---|---|---|---|
| 041 |
_aeng _h |
||
| 082 |
_a624.131 _bIND/SP |
||
| 110 | 1 |
_aIndian Standards Institution . _bISI _c() |
|
| 245 | _aSpecification for split spoon sampler IS:9640-1980 | ||
| 260 |
_aNew Delhi : _bIndian Standards Institution , _c1981. |
||
| 300 | _a8 ; . | ||
| 504 | _a | ||
| 942 | _cBK | ||
| 999 |
_c10743 _d10743 |
||